000 00593nam a2200229Ia 4500
003 OSt
005 20220918204413.0
006 a|||||r|||| 00| 0
007 ta
008 220917b |||||||| |||| 00| 0 eng d
024 _a112,562
037 _cTextual
040 _aARTS
_cARTS
_beng
041 _2eng
_aeng
082 _aV53:24(W691):N24-N14, K6
100 _aWohl R
_9111950
245 0 _aFrench communism in the making 1914-1924
260 _c1966
650 _aHISTORY
942 _hV53:24(W691):N24-N14, K6
_cTEXL
_2CC
999 _c235911
_d235911